000 00637nam a2200253 a 4500
001 nice12345678
003 IN_TiNIC
005 20260116011333.0
008 050524s1929 lona grp 000 0 eng
020 _a
_c100
082 0 0 _a956
_bWOO
100 _aWoolley, C Leonard
245 _aUr of the Chaldees
_b Recond of Seven Years of Excavation.
260 _aLondon
_bErnest Benn Ltd
_c1929
300 _a164p
500 _aincludes index and biblioraphy
505 2 _aIndex
650 _aMiddle East-History
650 _aUr-Middle East
700 1 _aWoolley, C Leonard
902 _bSRS
942 _cBK
999 _c619
_d619